Vintage PC Computer Brand Logos - Statistics

General Stats
  • This quiz has been taken 78 times
  • The average score is 5 of 20
Answer Stats
Picture Answer % Correct
Apple
89%
Atari
77%
Texas Instruments
69%
IBM
57%
Hewlett Packard
51%
Commodore
38%
Logitech
20%
Microsoft
15%
Seagate
15%
Dell
13%
Acorn
11%
Digital
10%
Gateway 2000
10%
Sinclair
10%
Amstrad
8%
BBC Micro
8%
Acer
7%
Compaq
7%
Olivetti
5%
UNISYS
3%
No matching quizzes found
Score Distribution
Percent of People with Each Score
Percentile by Number Answered
Your Score History
You have not taken this quiz